00382 a2200109 4500001001000000005001700010008004100027245006900068100002000137773009800157999001700255ART_5963720260410162022.0260409a 10aTres alternativas frente al incumplimiento del pago de alimentos1 aRomero, Luis E.0 tTemas de derecho de familia, sucesiones y bioéticag- Año 7, N° 11 (nov. 2023)wREV41029 c33203d33203